000 00720nam a2200205Ia 4500
005 20260121110210.0
008 008 260114s9999 xx 000 0 hin d
020 _a9788132365228
037 _aEBOOK
040 _aCRL
_bhin
_cCRL
041 _ahin
_2hin
084 _qCRL
100 _aसौरभ सिंह / Saurabh Singh
_9943252
245 0 _aहिंदी भाषा और साहित्य विकास की अवधारणा / Hindi Bhasha Aur Sahitya Vikas Ki Avdharnayein
260 _bभाषा प्रकाशन / Bhasha Prakashan
_c2021
856 _uhttps://bhashaprakashan.com/product-details/379174
942 _cEBOOK
999 _c1534917
_d1534917